MANAGERIAL ECONOMICS (Record no. 8940)

MARC details
000 -LEADER
fixed length control field 00464nam a22001697a 4500
003 - CONTROL NUMBER IDENTIFIER
control field SGT
020 ## - INTERNATIONAL STANDARD BOOK NUMBER
International Standard Book Number 9788184120721
082 ## - DEWEY DECIMAL CLASSIFICATION NUMBER
Classification number 658.15,ROY
100 ## - MAIN ENTRY--PERSONAL NAME
Personal name ROY,UDDIPTO
245 ## - TITLE STATEMENT
Title MANAGERIAL ECONOMICS
250 ## - EDITION STATEMENT
Edition statement 2ND
260 ## - PUBLICATION, DISTRIBUTION, ETC. (IMPRINT)
Place of publication, distribution, etc NEW DELHI
Name of publisher, distributor, etc ASIAN BOOKS PRIVATE LIMITED
Year of Publication 2008
300 ## - PAGE DESCRIPTION
No. of Pages 473
650 ## - SUBJECT ADDED ENTRY--TOPICAL TERM
Topical term or geographic name as entry element MANAGEMENT
653 ## - KEYWORDS--INDEX TERM
Keyword term BASIC PREREQUISITES, THE THEORY OF DEMAND,ELASTICITY OF DEMAND, THEORY OF SUPPLY, CONSUME BEHAVIOUR
942 ## - ADDED ENTRY ELEMENTS (KOHA)
Source of classification or shelving scheme Dewey Decimal Classification
Koha item type FCM Books
942 ## - ADDED ENTRY ELEMENTS (KOHA)
-- 4
Holdings
Withdrawn status Lost status Source of classification or shelving scheme Damaged status Not for loan Collection code Home library Current library Shelving location Date acquired Vendor Name Cost, normal purchase price SGTU Bill Number Total Checkouts Full call number Accession No. (Barcode) Date last seen Bill Date Koha item type Total Renewals Date last borrowed
    Dewey Decimal Classification     COMMERCE MANAGEMENT SGT Science & Social Sciences Library SGT Science & Social Sciences Library On Display 03/06/2016 IBH 250.00 SGTU 10118   658.15,ROY CM126 03/06/2016 09/06/2013 FCM Books    
    Dewey Decimal Classification     COMMERCE MANAGEMENT SGT Science & Social Sciences Library SGT Science & Social Sciences Library On Display 03/06/2016 IBH 250.00 SGTU 10118 16 658.15,ROY CM127 18/01/2025 09/06/2013 FCM Books 1 18/12/2024